Primeiros passos na energia (Registo nº 4296)

Detalhes MARC
000 -Etiqueta do registo
Cabeçalho 00805cam a2200289 4500
005 - Identificador da versão
Campo de controlo 20240813122057.0
095 ## -
-- PTBN00457898
010 ## - Número internacional normalizado dos livros (ISBN)
Número (ISBN) 9722214527
021 ## - Número do Depósito Legal
Código do país PT
Número 62152/92
100 ## - Dados gerais de processamento
Dados gerais de processamento 19930526d1993 cd y0pory5003 ba
102 ## - Pais de publicação ou produção
País de publicação Portugal
101 1# - Língua de publicação
Língua do texto, banda sonora, etc. Português
Língua do documento no original Inglês
106 ## - Campo de dados codificados: material textual
Dados codificados do material textual r
105 ## - Campo de dados codificados: livros
Dados codificados dos livros a z 001yy
215 ## - Descrição física 
Indicação específica da natureza do documento e extensão da espécie 64 p.
Outras indicações físicas muito il.
Dimensões 22x30 cm
200 1# - Titulo e menção de responsabilidade
Título próprio Primeiros passos na energia
Primeira menção de responsabilidade Roy Richards
Outras menções de responsabilidade trad. Diogo Nuno Martel
210 ## - Publicação, Distribuição, etc. 
Lugar da edição, distribuição, etc. Lisboa ;
-- São Paulo
Nome do editor, distribuidor, etc. Verbo
Data da publicação, distribuição, etc. imp. 1993
304 ## - Notas relativas a título e menção de responsabilidade 
Texto da nota Tít. orig.: An early start to energy
675 ## - Classificação Decimal Universal (CDU)
Notação 087.5
Edição BN
Língua da edição por
Notação 62
Edição BN
Língua da edição por
702 #1 - Nome de autor-pessoa física (responsabilidade secundária)
Número de registo de entrada de autoridade 0001043
Palavra de ordem Fonseca
Outra parte do nome não tomada para palavra de ordem Fernando Brites da
Código de função Tradutor
700 #1 - Nome de autor-pessoa física (responsabilidade principal)
Número de registo de entrada de autoridade 0001042
Palavra de ordem Richards
Outra parte do nome não tomada para palavra de ordem Roy
942 ## - Elementos de entrada adicionados (Koha)
Tipo de item no Koha Livro
Exemplares
Situação do levantamento Origin of item (home branch) (coded) Biblioteca de empréstimo Código de barras Cota Circulation type (not for loan) Tipo de documento Nota do exemplar Damaged status
  Biblioteca Escolar das Vendas Biblioteca Escolar das Vendas BEV1064 5CIE RIC   Livro Sem mensagem